[Event "Chigorin Memorial 25th"]
[Site "St Petersburg"]
[Date "2017.10.22"]
[Round "2"]
[White "Kokarev, Dmitry"]
[Black "Khlebovich, Alexander"]
[Result "0-1"]
[WhiteElo "2622"]
[BlackElo "2326"]
[PlyCount "100"]
[EventDate "2017.10.21"]
[EventType "swiss"]
[EventRounds "9"]
[EventCountry "RUS"]
[SourceTitle "CBM 181 Extra"]
[Source "ChessBase"]
[SourceDate "2017.12.12"]
[SourceVersion "1"]
[SourceVersionDate "2017.12.12"]
[SourceQuality "1"]

1. e4 c5 2. Nf3 d6 3. d4 cxd4 4. Nxd4 Nf6 5. Nc3 a6 6. h3 g6 7. g4 Bg7 8. Bg2 0-0 9. Be3 Bd7 10. Qd2 Nc6 11. 0-0-0 Na5 12. b3 Rc8 13. Rhe1 Nc6 14. Nd5 Nxd5 15. exd5 Nxd4 16. Bxd4 Bxd4 17. Qxd4 Qa5 18. Qb2 Rfe8 19. Re3 Rc7 20. Kb1 Rec8 21. Be4 Rc3 22. b4 Qc7 23. Rxc3 Qxc3 24. Qxc3 Rxc3 25. Bd3 a5 26. bxa5 Ra3 27. a6 bxa6 28. Kb2 Ra4 29. Kb3 a5 30. Re1 Rb4+ 31. Kc3 e5 32. dxe6 Bxe6 33. a3 Rf4 34. Re4 Rxf2 35. Ra4 Rh2 36. g5 Rxh3 37. Rxa5 h5 38. gxh6 Rxh6 39. a4 Kg7 40. Ra8 g5 41. a5 g4 42. Rb8 g3 43. Be4 d5 44. Bg2 Bh3 45. Bxd5 Bf1 46. Rb1 g2 47. Bxg2 Bxg2 48. Rg1 Rg6 49. a6 Ba8 50. Rxg6+ fxg6 0-1

[Event "Chigorin Memorial 25th"]
[Site "St Petersburg"]
[Date "2017.10.21"]
[Round "1"]
[White "Khlebovich, Alexander"]
[Black "Lystsov, Leonid"]
[Result "1-0"]
[WhiteElo "2326"]
[BlackElo "1866"]
[PlyCount "89"]
[EventDate "2017.10.21"]
[EventType "swiss"]
[EventRounds "9"]
[EventCountry "RUS"]
[SourceTitle "CBM 181 Extra"]
[Source "ChessBase"]
[SourceDate "2017.12.12"]
[SourceVersion "1"]
[SourceVersionDate "2017.12.12"]
[SourceQuality "1"]

1. d4 g6 2. Nf3 Bg7 3. c4 d6 4. g3 Nf6 5. Bg2 0-0 6. Nc3 c6 7. 0-0 Nbd7 8. e4 e5 9. h3 Qc7 10. Be3 Re8 11. Qc2 a5 12. Rfe1 exd4 13. Nxd4 Nc5 14. Rad1 Nfd7 15. f4 Nb6 16. Ndb5 cxb5 17. Nxb5 Qe7 18. Nxd6 Nbd7 19. Nxe8 Qxe8 20. e5 Bf8 21. g4 Rb8 22. Qd2 b6 23. Bc6 Rb7 24. Kh2 Rc7 25. Bb5 Qe7 26. Qd6 Qxd6 27. exd6 Rb7 28. Bf2 Nf6 29. Bxc5 bxc5 30. g5 Nh5 31. d7 Bxd7 32. Rxd7 Rxd7 33. Bxd7 Nxf4 34. Re8 Nd3 35. Rb8 Ne5 36. Bb5 Nf3+ 37. Kg2 Nxg5 38. Ra8 Ne6 39. Bd7 Nf4+ 40. Kf1 f5 41. Rxa5 Nd3 42. Rb5 Bg7 43. a4 Bd4 44. a5 Nb4 45. Rb6 1-0

[Event "RUS-ch U16"]
[Site "Dagomys"]
[Date "2004.04.??"]
[Round "?"]
[White "Khlebovich, Alexander"]
[Black "Arzamasov, Ivan"]
[Result "1/2-1/2"]
[WhiteElo "2276"]
[BlackElo "2104"]
[PlyCount "59"]
[EventDate "2004.04.??"]
[EventType "swiss"]
[EventRounds "10"]
[EventCountry "RUS"]
[SourceTitle "EXT 2005"]
[Source "ChessBase"]
[SourceDate "2004.11.15"]
[SourceVersion "1"]
[SourceVersionDate "2004.11.15"]
[SourceQuality "1"]

1. Nf3 d5 2. c4 c6 3. b3 Nf6 4. Bb2 Bf5 5. e3 e6 6. d4 Nbd7 7. a3 Bd6 8. Bd3 Bg6 9. Qc2 a6 10. Nbd2 Rc8 11. 0-0 0-0 12. e4 dxe4 13. Nxe4 Nxe4 14. Bxe4 Re8 15. Rfe1 Qc7 16. b4 b5 17. Rad1 Nf6 18. Bxg6 hxg6 19. Ne5 a5 20. Qb3 axb4 21. axb4 bxc4 22. Qxc4 Nd5 23. Ba3 Qb7 24. Rd3 Qb5 25. Rc1 Be7 26. Nxc6 Qxc4 27. Rxc4 Bxb4 28. Bxb4 Nxb4 29. Ne7+ Kf8 30. Nxc8 1/2-1/2

[Event "RUS-ch U16"]
[Site "Dagomys"]
[Date "2004.04.??"]
[Round "?"]
[White "Khlebovich, Alexander"]
[Black "Kolesnikov, Evgeny"]
[Result "0-1"]
[WhiteElo "2276"]
[BlackElo "2326"]
[PlyCount "70"]
[EventDate "2004.04.??"]
[EventType "swiss"]
[EventRounds "10"]
[EventCountry "RUS"]
[SourceTitle "EXT 2005"]
[Source "ChessBase"]
[SourceDate "2004.11.15"]
[SourceVersion "1"]
[SourceVersionDate "2004.11.15"]
[SourceQuality "1"]

1. d4 d5 2. c4 e6 3. Nc3 c6 4. e3 Nf6 5. Nf3 Nbd7 6. Qc2 Bd6 7. Bd2 0-0 8. 0-0-0 c5 9. dxc5 Nxc5 10. Be1 Be7 11. g4 Qb6 12. g5 Nfe4 13. cxd5 Nxc3 14. Bxc3 exd5 15. Ne5 Be6 16. Bg2 Qa6 17. Nd3 Qxa2 18. Nxc5 Bxc5 19. b4 Qa3+ 20. Qb2 Qxb2+ 21. Kxb2 Be7 22. Bxd5 Bxg5 23. Rhg1 Bh6 24. Bxb7 Rab8 25. Ba6 g6 26. Ka3 Rb6 27. b5 Rfb8 28. Bb4 Bc4 29. Rd6 Bxb5 30. Rxb6 Rxb6 31. Bxb5 Rxb5 32. Rd1 Bf8 33. Bxf8 Kxf8 34. Rd7 Rh5 35. Rxa7 Rxh2 0-1

[Event "RUS-ch U16"]
[Site "Dagomys"]
[Date "2004.04.??"]
[Round "?"]
[White "Khmara, Maxim"]
[Black "Khlebovich, Alexander"]
[Result "0-1"]
[WhiteElo "2136"]
[BlackElo "2276"]
[PlyCount "60"]
[EventDate "2004.04.??"]
[EventType "swiss"]
[EventRounds "10"]
[EventCountry "RUS"]
[SourceTitle "EXT 2005"]
[Source "ChessBase"]
[SourceDate "2004.11.15"]
[SourceVersion "1"]
[SourceVersionDate "2004.11.15"]
[SourceQuality "1"]

1. e4 c5 2. d3 Nc6 3. g3 g6 4. Bg2 Bg7 5. f4 d6 6. Nf3 e6 7. 0-0 Nge7 8. c3 0-0 9. Be3 f5 10. Re1 h6 11. Bf2 Kh7 12. Na3 Rb8 13. Nc2 b5 14. exf5 Nxf5 15. d4 b4 16. c4 Qb6 17. d5 Na5 18. dxe6 Nxc4 19. b3 Na5 20. g4 Ne7 21. f5 gxf5 22. gxf5 Rxf5 23. Bh4 Ng6 24. Ng5+ hxg5 25. Qh5+ Bh6 26. Be4 Nxh4 27. Qf7+ Kh8 28. Bxf5 Qb7 29. Qe8+ Kg7 30. Be4 d5 0-1

[Event "RUS-ch U16"]
[Site "Dagomys"]
[Date "2004.04.??"]
[Round "?"]
[White "Morev, Ivan"]
[Black "Khlebovich, Alexander"]
[Result "0-1"]
[WhiteElo "2089"]
[BlackElo "2276"]
[PlyCount "68"]
[EventDate "2004.04.??"]
[EventType "swiss"]
[EventRounds "10"]
[EventCountry "RUS"]
[SourceTitle "EXT 2005"]
[Source "ChessBase"]
[SourceDate "2004.11.15"]
[SourceVersion "1"]
[SourceVersionDate "2004.11.15"]
[SourceQuality "1"]

1. e4 c5 2. Nf3 e6 3. d4 cxd4 4. Nxd4 Nf6 5. f3 Bc5 6. Nb3 Bb6 7. Nc3 d5 8. exd5 Nxd5 9. Nxd5 exd5 10. Bb5+ Nc6 11. Qe2+ Be6 12. Bf4 0-0 13. 0-0-0 Qf6 14. Qd2 Rac8 15. h4 Bf5 16. Bg5 Qd6 17. Qxd5 Qxd5 18. Rxd5 Bxc2 19. Bxc6 Bxb3 20. axb3 Rxc6+ 21. Kb1 h6 22. Bd2 Re8 23. Bc3 Re2 24. g4 Rce6 25. g5 Rf2 26. gxh6 Rxh6 27. Rf5 f6 28. h5 Kf7 29. Rd1 Ke6 30. Rfd5 Rxf3 31. Rd7 Rf1 32. R7d6+ Ke7 33. Rd7+ Ke8 34. Be1 Rxe1 0-1